TWICE Title Tracks - Estadísticas

Estadísticas generales
  • Esta prueba ha sido intentada 167 veces
  • La puntuación promedio es 27 de 40
Estadísticas de respuestas
year song % Correcto
2016 TT
90%
2016 CHEER UP
89%
2017 KNOCK KNOCK
89%
2015 Like OOH-AHH
89%
2021 The Feels
89%
2020 I CAN'T STOP ME
86%
2017 Likey
86%
2020 MORE & MORE
86%
2018 What is Love?
86%
2019 FANCY
84%
2019 Feel Special
83%
2017 SIGNAL
81%
2023 SET ME FREE
80%
2021 Alcohol-Free
79%
2018 Dance The Night Away
79%
2017 Heart Shaker
77%
2021 SCIENTIST
77%
2024 One Spark
74%
2018 YES or YES
73%
2022 Talk that Talk
71%
2024 I GOT YOU
70%
2022 POP!
67%
2023 MOONLIGHT SUNRISE
66%
2017 One More Time
61%
2021 Kura Kura
57%
2020 CRY FOR ME
56%
2023 Killin' Me Good
56%
2021 Perfect World
54%
2018 BDZ
53%
2019 Breakthrough
53%
2018 Candy Pop
53%
2023 Hare Hare
53%
2022 Celebrate
47%
2023 Do not touch
47%
2020 BETTER
46%
2019 HAPPY HAPPY
44%
2021 Doughnut
43%
2019 Fake & True
41%
2018 Wake Me Up
40%
2020 Fanfare
39%
No se encontraron pruebas coincidentes
Distribución de puntuación
Porcentaje de gente con cada puntuación
Porcentaje por número respondido
Historial de tus puntuaciones
No has intentado esta prueba.